American government

Bibliographic Details
Main Author: Aranson, Peter H.
Format: Book
Published: Cambridge, Massachusets : Winthrap , 1981
Subjects:

MARC

LEADER 00000cam a2200000 7i4500
001 0000003934
005 20050625.0
020 |a 00876260237 
040 |a INS 
090 0 0 |a JK274.   |b A78 1981 
100 1 |a Aranson, Peter H. 
245 1 0 |a American government   |c Peter H. Aranson 
260 |a Cambridge, Massachusets :   |b Winthrap ,   |c 1981 
300 |a ixp :   |b 689p ;   |c 24 cm. 
500 |a Includes index 
650 0 0 |a Political science   |x decision making 
651 0 |a United States   |x Politics and government 
999 |a 0000001983   |b BOOK   |c Open Shelf   |e Default branch